000 00652nam a2200229 i 4500
001 C2-0273595
003 PPAK
005 20180728002919.0
008 060809s1984 xx a|||| ||||| | eng d
040 _aPPAK
_beng
_cPPAK
_erda
082 0 4 _a370.15
_223
090 0 0 _a370.15
_bMOH
_dKK
100 0 _aMohmed Khalid Bin Juah,
_eauthor
245 1 0 _aDiscipline Through Co-Curricular Sessions
_bProject : Discourse
264 1 _bInnotech ,
_c1984
300 _a55 pages :
_billustrations ;
_c28 cm
336 _2rdacontent
_atext
337 _2rdamedia
_aunmediated
338 _2rdacarrier
_avolume
650 1 0 _aStudents-pcychology
942 _ddc
_cB
999 _c81499
_d81499